| 000 | 00465nam a2200193Ia 4500 | ||
|---|---|---|---|
| 003 | OSt | ||
| 005 | 20260227115233.0 | ||
| 008 | 210210b1970 xxu||||| |||| 00| 0 eng d | ||
| 040 | _cAL | ||
| 041 | _aEnglish | ||
| 082 | _a823.8 VERR | ||
| 100 |
_aJules Verne _9150654 |
||
| 245 | _aRound the world in eighty days | ||
| 260 |
_aMadras _bMacmillan & Co. Ltd. _c1970 |
||
| 300 | _a127p | ||
| 690 |
_aEnglish Fiction _9150655 |
||
| 906 | _a030513 | ||
| 942 |
_2ddc _cBK |
||
| 999 |
_c81653 _d81653 |
||